Statistics for Fill in numbers from 1 to 9

Click here to take the quiz!

General Stats

  • This quiz has been taken 177 times
  • The average score is 9 of 9

Answer Stats

Answer% Correct
3
99%
4
99%
9
97%
1
95%
2
95%
5
95%
6
94%
7
94%
8
94%

Score Distribution

Percentile by Number Answered

Percent of People with Each Score

Your Score History

You have not taken this quiz